[Event "FIN-chT9899"]
[Site "FIN"]
[Date "1998.??.??"]
[Round "4"]
[White "Niemela, Antti"]
[Black "Pulkkinen, Kari"]
[Result "1/2-1/2"]
[WhiteElo "2265"]
[BlackElo "2340"]

1.d4 d5 2.c4 dxc4 3.Nf3 Nf6 4.e3 e6 5.Bxc4 c5 6.O-O a6 7.Bd3 Nbd7 8.Nc3 b5
9.a4 b4 10.Ne4 Bb7 11.Ned2 cxd4 12.exd4 Be7 13.a5 O-O 14.Qe2 Nd5 15.Nc4 Rc8
16.Nfe5 N7f6 17.Rd1 b3 18.Bd2 Nb4 19.Nb6 Rc7 20.Bxb4 Bxb4 21.Bxa6 Rc2 22.Qb5 Bxa6
23.Qxa6 Ne4 24.Qb5 Rxf2 25.Nf3 Bd6 26.Qxb3 Qf6 27.Qe3 Qg6 28.Qxf2 Nxf2 29.Kxf2 Bf4
30.Re1 Qc2+ 31.Re2 Qb3 32.Nd7 Rd8 33.Nc5 Be3+ 34.Kf1 Qb5 35.a6 e5 36.a7 Ra8
37.Ra3 Bf4 38.Rb3 Qe8 39.Nxe5 Rxa7 40.Ng6 Qxe2+ 41.Kxe2 hxg6 42.g3 Bd6 43.Rb6 Be7
44.Rb8+ Kh7 45.Kd3 Ra1 46.Ne4 f5 47.Nc3 Rh1 48.h4 Bd6 49.Rb6 Bxg3 50.d5 Rxh4
51.Ne2 Bf2 52.Rb5 Rh3+ 53.Kd2 Be3+ 54.Kd3 Bg5+ 55.Kc2 Bf6 56.d6 Re3 57.Nf4 Re4
58.Nd5 Bg5 59.d7 f4 60.Nxf4 Rxf4 61.Rxg5 Rd4 62.b4 Rxd7 63.Kc3 Kh6 64.Rg1 g5
65.b5 Kh5 66.Kc4 g4 67.Kc5 Rd2  1/2-1/2

[Event "FRA-chJM5"]
[Site "FRA"]
[Date "1998.??.??"]
[Round "4"]
[White "Hattu, Alexis"]
[Black "Dussart, Frederic"]
[Result "1/2-1/2"]
[WhiteElo "2165"]
[BlackElo "2250"]

1.d4 d5 2.Nf3 Nf6 3.c4 dxc4 4.e3 e6 5.Bxc4 c5 6.O-O a6 7.Bb3 Nc6 8.Nc3 cxd4
9.exd4 Be7 10.a3 O-O 11.Qd3 b5 12.Bg5 Bb7 13.Rfe1 Na5 14.Bc2 g6 15.Ne5 Rc8
16.Qh3 Bd5 17.Rad1 Nc4 18.Nxc4 bxc4 19.Nxd5 Nxd5 20.Bh6 Re8 21.Ba4 Bf6 22.Bxe8 Qxe8
23.Qf3 Qb5 24.Bc1 Qb6 25.Qg4 Kg7 26.h3  1/2-1/2

[Event "Asia-ch (Women)"]
[Site "Genting Highlands"]
[Date "1998.??.??"]
[Round "?"]
[White "Gokhale, Anupama"]
[Black "Mamedova, Rena"]
[Result "0-1"]
[WhiteElo "2205"]
[BlackElo "2185"]

1.d4 d5 2.c4 dxc4 3.e3 Nf6 4.Bxc4 e6 5.Nf3 c5 6.O-O a6 7.Bd3 Nbd7 8.Nc3 b6
9.Qe2 Bb7 10.Rd1 Qb8 11.e4 cxd4 12.Nxd4 Bd6 13.g3 O-O 14.f3 Ne5 15.Bc2 Bc5
16.Be3 b5 17.Bb3 Qa7 18.Nc2 Rac8 19.Kf1 Bxe3 20.Nxe3 h5 21.a3 g6 22.Rd6 Kg7
23.Rad1 Qc5 24.Qf2 h4 25.g4 g5 26.Nc2 Qxf2+ 27.Kxf2 Rc7 28.Nb4 a5 29.Nd3 Nexg4+
30.Ke2 Nxh2 31.Nxb5 Re7 32.Nf2 Nh5 33.Nd4 Ng3+ 34.Kd3 e5 35.Nf5+ Nxf5 36.exf5 f6
37.Bd5 Nxf3 38.Ke3 Nd4 39.Be4 Bc8  0-1

[Event "Oberliga Nord W9798"]
[Site "Germany"]
[Date "1998.??.??"]
[Round "?.2"]
[White "Boehm, Juergen"]
[Black "Hummel, Dirk"]
[Result "1/2-1/2"]
[WhiteElo "2215"]
[BlackElo "2255"]

1.d4 d5 2.Nf3 Nf6 3.c4 dxc4 4.e3 e6 5.Bxc4 c5 6.O-O a6 7.dxc5 Qxd1 8.Rxd1 Bxc5
9.Nc3 b5 10.Bd3 Bb7 11.Ng5 Nbd7 12.Nge4 Be7 13.a3 O-O 14.Nxf6+ Nxf6 15.b4  1/2-1/2

[Event "BL2-W9798"]
[Site "Germany"]
[Date "1998.??.??"]
[Round "?.7"]
[White "Neidhardt, Claus Ulrich"]
[Black "Krallmann, Matthias"]
[Result "0-1"]
[WhiteElo "2410"]
[BlackElo "2285"]

1.d4 d5 2.c4 dxc4 3.e3 Nf6 4.Bxc4 e6 5.Nf3 c5 6.Qe2 a6 7.dxc5 Bxc5 8.O-O b5
9.Bd3 Nc6 10.a3 Qe7 11.Nc3 O-O 12.e4 e5 13.Bg5 Be6 14.a4 bxa4 15.Rxa4 a5
16.Bc4 Rab8 17.Bd5 Nd4 18.Nxd4 exd4 19.e5 dxc3 20.exf6 Qd7 21.Be4 Bf5 22.Rxa5 Rxb2
23.Qc4 Bxe4 24.Qxe4 Re8 25.Ra8 Rbb8 26.Rxb8 Rxb8 27.fxg7 Qd4 28.Qc2 Rb2 29.Qf5 Rxf2
30.Qxf2 Qe5 31.Bc1 Bxf2+ 32.Kxf2 Qxh2 33.Be3 Qh4+ 34.Kf3 Kxg7 35.Rc1 Qc4
36.g3 Kg6 37.Bf4 Qd3+ 38.Be3 f5 39.Rg1 Qe4+ 40.Kf2 c2 41.Rc1 Qd3  0-1

[Event "Oberliga Ost B9798"]
[Site "Germany"]
[Date "1998.??.??"]
[Round "?.1"]
[White "Klingelhoefer, Stefan"]
[Black "Vidoniak, Roman"]
[Result "1/2-1/2"]
[WhiteElo "2305"]
[BlackElo "2415"]

1.d4 d5 2.Nf3 Nf6 3.c4 dxc4 4.e3 e6 5.Bxc4 c5 6.O-O a6 7.Qe2 Nc6 8.Rd1 Qc7
9.Nc3 Bd7 10.h3 Rd8 11.dxc5 Bxc5 12.e4 Na5 13.Bd3 Bc6 14.Be3 Bxe3 15.Qxe3 b5
16.Rac1 O-O  1/2-1/2

[Event "BL2-O9798"]
[Site "Germany"]
[Date "1998.??.??"]
[Round "6.2"]
[White "Alber, Horst"]
[Black "Bus, Mariusz"]
[Result "0-1"]
[WhiteElo "2315"]
[BlackElo "2390"]

1.d4 d5 2.c4 dxc4 3.e3 Nf6 4.Bxc4 e6 5.Nf3 c5 6.O-O a6 7.a3 b5 8.Ba2 Bb7
9.Qe2 Nbd7 10.Nc3 Qb6 11.Rd1 Rd8 12.e4 cxd4 13.Nxd4 Ne5 14.Bf4 Ng6 15.Be3 Bc5
16.Nb3 Rxd1+ 17.Rxd1 Bxe3 18.Qxe3 Qxe3 19.fxe3 Ke7 20.Nc5 Rb8 21.h3 Ne5 22.Rd4 Bc8
23.b4 Nfd7 24.Nb3 Bb7 25.Na5 Ba8 26.Ne2 Rc8 27.Bb3 Nf6 28.a4 Nxe4 29.axb5 axb5
30.Kf1 Nd6 31.Rd1 Nf5 32.Kf2 Be4 33.g4 Nd6 34.Ng3 Bc2 35.Ra1 Nd3+ 36.Ke2 Nxb4
37.Bxc2 Rxc2+ 38.Kf3 Nd3 39.Nb3 Rf2+  0-1

[Event "BL2-N9798"]
[Site "Germany"]
[Date "1998.??.??"]
[Round "9.7"]
[White "Lauber, Arnd"]
[Black "Lindinger, Markus"]
[Result "1/2-1/2"]
[WhiteElo "2325"]
[BlackElo "2250"]

1.d4 d5 2.c4 dxc4 3.Nf3 Nf6 4.e3 e6 5.Bxc4 c5 6.O-O a6 7.a4 Nc6 8.Qe2 Qc7
9.Nc3 Be7 10.b3 O-O 11.Bb2 Rd8 12.Rfd1 Nb4 13.dxc5 Bd7 14.e4 Bc6 15.h3 Bxc5
16.Rxd8+ Rxd8 17.Re1 Nh5 18.Rd1 Nf4 19.Qf1 Rxd1 20.Qxd1 h6 21.Kf1 Qb6 22.Qd2 Ng6
23.Ba1 Qc7 24.Qb2 Bf8 25.Kg1 Ne5 26.Nxe5 Qxe5 27.Qe2 Bc5 28.Bb2 Bd4 29.Qd2 Na2
30.Nd5 Bxb2 31.Ne7+ Kh7 32.Qd8 h5 33.Qg8+ Kh6 34.h4 g6 35.Qxf7 Qg7 36.Qxe6 Kh7
37.e5 Be4 38.Qd6 Qxe5 39.Qd8 Qh8 40.Bg8+ Kg7 41.Qd7 Kf8 42.Qd8+ Kg7 43.Qd7 Kf8  1/2-1/2

[Event "Perenyi mem 2nd"]
[Site "Gyula"]
[Date "1998.??.??"]
[Round "3"]
[White "Ruck, Robert"]
[Black "Groszpeter, Attila"]
[Result "1/2-1/2"]
[WhiteElo "2450"]
[BlackElo "2505"]

1.d4 d5 2.c4 dxc4 3.Nf3 Nf6 4.e3 e6 5.Bxc4 c5 6.O-O a6 7.Bd3 b6 8.Nc3 Bb7
9.dxc5 Bxc5 10.e4 Nc6 11.e5 Nb4 12.Be2 Qxd1 13.Rxd1 Ng4 14.Rf1 Rd8 15.Bg5 Rd7
16.Rad1 Rxd1 17.Rxd1 O-O  1/2-1/2

[Event "Perenyi mem 2nd"]
[Site "Gyula"]
[Date "1998.??.??"]
[Round "4"]
[White "Lauber, Arnd"]
[Black "Senff, Martin"]
[Result "1-0"]
[WhiteElo "2370"]
[BlackElo "2430"]

1.d4 d5 2.c4 dxc4 3.Nf3 Nf6 4.e3 e6 5.Bxc4 c5 6.O-O a6 7.a4 Nc6 8.Qe2 cxd4
9.Rd1 Be7 10.exd4 O-O 11.Nc3 Bd7 12.Bg5 Nb4 13.d5 exd5 14.Nxd5 Nbxd5 15.Bxd5 Nxd5
16.Rxd5 Bxg5 17.Nxg5 h6 18.Qd2 hxg5 19.Rxd7 Qb6 20.a5 Qb5 21.Rd5 Qc6 22.Qxg5 Rac8
23.h4 b6 24.h5 Kh8 25.h6 gxh6 26.Qe5+ Kh7 27.Rd6 Qc5 28.Qf4 Qg5 29.Qe4+ Kh8
30.axb6 Rg8 31.b7 Rce8 32.Qd4+ Kh7 33.g3 Qh5 34.Qd3+ Kh8 35.Qd4+ Kh7 36.Qd3+ Kh8
37.Qd2 Rg5 38.Rd8  1-0

[Event "Haarlem AKN op"]
[Site "Haarlem"]
[Date "1998.??.??"]
[Round "5"]
[White "Khenkin, Igor"]
[Black "Jonkman, Harmen"]
[Result "1-0"]
[WhiteElo "2565"]
[BlackElo "2315"]

1.d4 d5 2.c4 dxc4 3.Nf3 Nf6 4.e3 e6 5.Bxc4 c5 6.O-O a6 7.Bb3 Nbd7 8.Qe2 b5
9.e4 Bb7 10.d5 e5 11.a4 c4 12.Bc2 Bc5 13.Nc3 Qb6 14.axb5 axb5 15.Rxa8+ Bxa8
16.b3 cxb3 17.Bxb3 O-O 18.Bb2 Bb7 19.Bc2 Ba6 20.Bd3 Rb8 21.Nd1 Bd6 22.Ne3 Re8
23.Nf5 Bf8 24.Rc1 Bc5 25.h3 g6 26.Nh6+ Kg7 27.Ng4 Nxg4 28.hxg4 Kg8 29.g3 Qb8
30.Kg2 Qb6 31.g5 Qb8 32.Nh2 Be7 33.Qe3 Rc8 34.Ra1 Bc5 35.Qf3 Qd6 36.Ng4 Rf8
37.Nf6+ Nxf6 38.Qxf6 Bb7 39.Bxb5 Qxf6 40.gxf6 Bd6 41.Bc6 Bxc6 42.dxc6 Rc8
43.Rd1 Bc7 44.Rd7 h6 45.f4 Bb6 46.Bxe5 Rxc6 47.Rb7 Bc5 48.g4 Ba3 49.Rb3 Ra6
50.Rb5 Ra4 51.Kf3 Bb4 52.Bb2 Ba3  1-0

[Event "Capablanca mem Masters I"]
[Site "Havana"]
[Date "1998.??.??"]
[Round "2"]
[White "Clavijo, Jorge Mario"]
[Black "Baron Rodriguez, Jesus"]
[Result "1/2-1/2"]
[WhiteElo "2365"]
[BlackElo "2350"]

1.d4 d5 2.c4 dxc4 3.Nf3 Nf6 4.e3 e6 5.Bxc4 c5 6.O-O Nc6 7.Nc3 cxd4 8.exd4 Be7
9.Bg5 O-O 10.Qd2 Na5 11.Bd3 b6 12.Rad1 Bb7 13.Ne5 Nd5 14.Bxe7 Qxe7 15.Ne4 Rac8
16.f4 f6 17.Nf3 Nc4 18.Bxc4 Rxc4 19.Rc1 Rfc8 20.Rxc4 Rxc4 21.Rc1 Rc7 22.Nc3 Qb4
23.Kf2 Kf7 24.Rc2 Rc4 25.Nxd5 Qxd2+ 26.Rxd2 Bxd5 27.Ne1 Rc1 28.a3 Ke7 29.Rc2 Rxc2+
30.Nxc2 Kd6 31.g3 Be4 32.Ne3 Bd3 33.Kf3 g6 34.Ng4 Ke7 35.Nf2 Bc2 36.Ke3 Kd6
37.Ng4 Ke7 38.Nf2 Kd6 39.Ng4  1/2-1/2

[Event "Capablanca mem Masters I"]
[Site "Havana"]
[Date "1998.??.??"]
[Round "8"]
[White "Valdes, Luis E"]
[Black "Baron Rodriguez, Jesus"]
[Result "1/2-1/2"]
[WhiteElo "2405"]
[BlackElo "2350"]

1.d4 d5 2.c4 dxc4 3.e3 Nf6 4.Bxc4 e6 5.Nf3 c5 6.O-O Nc6 7.Qe2 cxd4 8.Rd1 Be7
9.exd4 O-O 10.Nc3 Na5 11.Bd3 b6 12.Bg5 Bb7 13.Ne5 Rc8 14.Bxf6 Bxf6 15.Be4 Qe7
16.Bxb7 Nxb7 17.Ng4 Nd6  1/2-1/2

[Event "Hlohovec op"]
[Site "Hlohovec"]
[Date "1998.??.??"]
[Round "5"]
[White "Dobrotka, Martin"]
[Black "Salai, Ladislav"]
[Result "1/2-1/2"]
[WhiteElo "2235"]
[BlackElo "2440"]

1.d4 d5 2.c4 dxc4 3.Nf3 Nf6 4.e3 e6 5.Bxc4 c5 6.O-O a6 7.dxc5 Bxc5 8.Qxd8+ Kxd8
9.Nbd2 Ke7 10.Nb3 Bd6 11.Rd1 Nc6 12.Bd2 b5 13.Be2 Bb7 14.Na5 Nxa5 15.Bxa5 Rac8
16.Nd4 g6 17.Rac1 Bd5 18.a3 e5 19.Nf3 Bb3 20.Re1 Ne4 21.Nd2 Nxd2 22.Bxd2 Ke6
23.Bf3 Bc4 24.Bc3 Bd5 25.e4 Bb7 26.Bd1 Ke7 27.Bb3 f6 28.Kf1 Rc7 29.f3 Rhc8
30.Bd2 Rxc1 31.Rxc1 Rxc1+ 32.Bxc1 Bc5 33.Ke2 Bd4 34.Kd3 g5 35.g4 Kd6 36.Bg8 h6
37.b4 Bc6 38.h3  1/2-1/2

[Event "Hlohovec op"]
[Site "Hlohovec"]
[Date "1998.??.??"]
[Round "9"]
[White "Timoshchenko, Gennadi A"]
[Black "Salai, Ladislav"]
[Result "1/2-1/2"]
[WhiteElo "2520"]
[BlackElo "2440"]

1.d4 d5 2.Nf3 Nf6 3.c4 dxc4 4.e3 e6 5.Bxc4 c5 6.Qe2 cxd4 7.exd4 Bb4+ 8.Nc3 Nc6
9.Be3 Nd5 10.Rc1 Nxe3 11.Qxe3 O-O 12.O-O Ne7 13.Qe4 Rb8 14.Rfd1 Bxc3 15.Rxc3 b5
16.Bb3  1/2-1/2

[Event "HUN-chT2 9798"]
[Site "HUN"]
[Date "1998.??.??"]
[Round "?"]
[White "Forgacs, Jozsef"]
[Black "Lazar, Janos"]
[Result "1/2-1/2"]
[WhiteElo "2320"]
[BlackElo "2245"]

1.d4 d5 2.c4 dxc4 3.Nf3 e6 4.e3 Nf6 5.Bxc4 c5 6.O-O Nc6 7.a3 a6 8.Ba2 cxd4
9.exd4 Ne7 10.Nc3 Ned5 11.Bg5 Be7 12.Qd3 O-O 13.Rfe1 h6 14.Bd2 b6 15.Ne5 Bb7
16.Rad1 Qd6 17.Bb1 Rfd8 18.Qg3 Nh5 19.Qg4 Nhf6 20.Qh3 Bf8 21.Bc1 Rac8 22.Ne4 Nxe4
23.Bxe4 Qe7 24.Bb1 Nf6 25.Qb3 Qd6 26.Bf4 Qd5 27.Qh3 Nh5 28.Bxh6 gxh6 29.Be4 Qb5
30.Bxb7 Rc7 31.Qxh5 Rxb7 32.Re3 f6 33.Rg3+ Bg7 34.a4 Qxa4 35.b3 Rxd4 36.Nd3 Qxb3
37.Qe8+ Kh7 38.Qg6+ Kh8 39.Qe8+ Kh7 40.Qg6+ Kh8 41.Qe8+  1/2-1/2

[Event "HUN-chT2 9798"]
[Site "HUN"]
[Date "1998.??.??"]
[Round "?"]
[White "Krisztian, Gabor"]
[Black "Lehmann, Zoltan"]
[Result "1-0"]
[WhiteElo "2105"]
[BlackElo "2280"]

1.d4 d5 2.c4 dxc4 3.Nf3 Nf6 4.e3 e6 5.Bxc4 c5 6.O-O a6 7.a4 Nc6 8.Qe2 Be7
9.Rd1 Qc7 10.Nc3 O-O 11.Bd2 b6 12.Be1 Bb7 13.h3 cxd4 14.exd4 Rfd8 15.Rac1 Qd6
16.d5 exd5 17.Nxd5 Nxd5 18.Bxd5 Qc7 19.Bxc6 Bxc6 20.Rxd8+ Rxd8 21.Ne5 Bc5
22.b4 Re8 23.bxc5 Rxe5 24.cxb6 Qe7 25.Bb4 Qe8 26.Qxe5 Qxe5 27.Rxc6 Qa1+ 28.Kh2 Qe5+
29.g3 h5 30.b7 Kh7 31.Rc8 Qb2 32.Kg2  1-0

[Event "HUN-chT 9798"]
[Site "Hungary"]
[Date "1998.??.??"]
[Round "?"]
[White "Vigh, Bela"]
[Black "Karolyi, Tibor Jr"]
[Result "1/2-1/2"]
[WhiteElo "2390"]
[BlackElo "2390"]

1.d4 d5 2.c4 dxc4 3.e3 c5 4.Bxc4 Nf6 5.Nf3 e6 6.O-O a6 7.dxc5 Qxd1 8.Rxd1 Bxc5
9.a3 Nc6 10.b4 Ba7 11.Bb2 Ke7  1/2-1/2

[Event "HUN-chT 9798"]
[Site "Hungary"]
[Date "1998.??.??"]
[Round "?"]
[White "Barbero, Gerardo F"]
[Black "Izsak, Gyula"]
[Result "1/2-1/2"]
[WhiteElo "2435"]
[BlackElo "2400"]

1.d4 d5 2.c4 dxc4 3.Nf3 Nf6 4.e3 e6 5.Bxc4 c5 6.O-O a6 7.Bb3 Nc6 8.Re1 Be7
9.Nc3 O-O 10.a4 h6 11.h3 b6 12.d5 exd5 13.Nxd5 Nxd5 14.Bxd5 Bb7 15.e4 Qc7
16.Bd2 Rad8 17.Bc3 Nb8 18.Ne5 Bxd5 19.exd5 Bf6 20.Ng4 Bxc3 21.bxc3 c4 22.Qd4 Nd7
23.Ne3 Qc5 24.Qf4 Nf6 25.Nf5 Kh7 26.Qg3 g6 27.Qh4 Ng8 28.Ne3 b5 29.axb5 axb5
30.Ra6 Rd6 31.Rea1 Rxa6 32.Rxa6 Re8 33.Qf4 Kg7 34.Rc6 Qe7 35.Rc7 Qf6 36.Qg3 Rd8
37.Rc6 Qg5 38.Qxg5 hxg5 39.Rb6 Nf6 40.Rxb5 Ne4 41.Rb4 Rc8 42.Nxc4 Nxc3 43.Ne3 Rc7
44.Kf1 Kf6 45.f3 Ke5 46.Rg4 Ra7 47.Rc4 Nb5 48.Re4+ Kf6 49.Re8 Rd7 50.Ng4+ Kg7
51.Re5 Nc7 52.Rxg5 f6 53.d6 fxg5 54.dxc7 Rxc7 55.Kf2 Rc2+ 56.Kg3 Re2 57.Nf2 Kf6
58.Ne4+ Kf5 59.Nd6+ Kf6 60.Ne4+  1/2-1/2

[Event "HUN-chT 9798"]
[Site "Hungary"]
[Date "1998.??.??"]
[Round "?"]
[White "Csiszar, Csaba"]
[Black "Sapi, Laszlo"]
[Result "1/2-1/2"]
[WhiteElo "2355"]
[BlackElo "2280"]

1.d4 d5 2.c4 dxc4 3.e3 Nf6 4.Bxc4 e6 5.Nf3 c5 6.O-O Nc6 7.Qe2 a6 8.Bb3 Be7
9.Rd1 Qc7 10.Nbd2 O-O 11.a4 Bd7 12.Nc4 b5 13.Nce5 c4 14.Nxd7 Qxd7 15.Bc2 Nb4
16.Bb1 Qb7 17.Bd2 Ne4 18.Be1 Rfd8 19.Ne5 Nf6 20.f3 Nc6 21.Bg3 Rac8 22.axb5 axb5
23.f4 g6 24.Bh4 Nd5 25.Bxe7 Qxe7 26.Be4 Nxe5 27.fxe5 b4  1/2-1/2

[Event "Jarvenpaa We JarvSK"]
[Site "Jarvanpaa"]
[Date "1998.??.??"]
[Round "2"]
[White "Franssila, Tommi"]
[Black "Parkkinen, Jyrki"]
[Result "0-1"]
[WhiteElo "2225"]
[BlackElo "2155"]

1.d4 d5 2.c4 dxc4 3.Nf3 Nf6 4.e3 e6 5.Bxc4 c5 6.O-O a6 7.a4 Nc6 8.Qe2 cxd4
9.Rd1 d3 10.Rxd3 Qc7 11.Nc3 Bc5 12.h3 Ne5 13.Nxe5 Qxe5 14.b4 Bxb4 15.Bb2 Qc7
16.Rc1 O-O 17.Ba2 Qe7 18.e4 e5 19.Nd5 Nxd5 20.Rxd5 Be6 21.Rxe5 Bd6 22.Rxe6 fxe6
23.Qg4 Rae8 24.Bxe6+ Kh8 25.g3 Ba3 26.Bxa3 Qxa3 27.Rc7 Qa1+ 28.Kg2 Qe5 29.Rc8 Rxc8
30.Bxc8 Qc5 31.Bf5 g6 32.Qe2 gxf5 33.Qb2+ Kg8 34.Qxb7 fxe4 35.Qb3+ Rf7 36.Qb8+ Qf8
37.Qb6 Rf6 38.Qd4 Qe7 39.Qd5+ Qf7 40.Qd8+ Kg7 41.Qd4 Qb7 42.Qe3 Qd5 43.g4 h6
44.h4 Qd3 45.g5 hxg5 46.hxg5 Rf5 47.Qa7+ Kg6 48.Qb6+ Kxg5 49.a5 e3 50.f4+ Rxf4
51.Qc5+ Kg4 52.Qc8+ Qf5 53.Qxa6 Rf2+ 54.Kg1 Qb1+  0-1

[Event "Independence Cup op"]
[Site "Kiev"]
[Date "1998.??.??"]
[Round "10"]
[White "Semenova, Lidia K"]
[Black "Bondarchuk, Sergei"]
[Result "1/2-1/2"]
[WhiteElo "2305"]
[BlackElo "2270"]

1.d4 d5 2.Nf3 Nf6 3.e3 c5 4.c4 dxc4 5.Bxc4 e6 6.O-O a6 7.dxc5 Qxd1 8.Rxd1 Bxc5
9.a3 Nbd7 10.b4 Be7 11.Bb2 b5 12.Bb3 Bb7 13.Nbd2 O-O 14.Nd4 Rfc8 15.Rac1 Nf8
16.Kf1 Nd5 17.Ke2 Nb6 18.f3 Rxc1 19.Rxc1 Rc8 20.Rxc8 Nxc8 21.Kd3 Ng6 22.f4 Bf6
23.g4 h6 24.Bc3 Nd6 25.N4f3 Bxc3 26.Kxc3 Kf8 27.Kd4 Ke7 28.h4 Nf8 29.e4 Nd7
30.e5 Nc8 31.Ne4 Bxe4 32.Kxe4 Na7 33.Nd4 Nb8 34.f5 Nac6 35.fxe6 Nxd4 36.Kxd4 fxe6
37.Bd1 Nc6+ 38.Ke4 g5 39.hxg5 hxg5  1/2-1/2

[Event "Klatovy op-B"]
[Site "Klatovy"]
[Date "1998.??.??"]
[Round "?"]
[White "Dungl, P."]
[Black "Vesely, Martin"]
[Result "1/2-1/2"]
[WhiteElo "1765"]
[BlackElo "1935"]

1.d4 d5 2.c4 dxc4 3.e3 c5 4.Bxc4 e6 5.Nf3 Nf6 6.O-O a6 7.dxc5 Qxd1 8.Rxd1 Bxc5
9.a3 b5 10.Be2 Bb7 11.b4 Bb6 12.Bb2 Nbd7 13.Nbd2 O-O 14.Rac1 Rfd8 15.Nb3 Ne4
16.Bd4 Bxd4 17.Nfxd4 Bd5 18.f3 Bxb3 19.Nxb3 Nef6 20.Nc5 g5 21.Nxd7 Rxd7 22.Rxd7 Nxd7
23.f4  1/2-1/2

[Event "Russia-chB (Women)"]
[Site "Kolontaevo"]
[Date "1998.??.??"]
[Round "?"]
[White "Slavina, Irina"]
[Black "Konopelchenkova, Tatjana"]
[Result "1/2-1/2"]
[WhiteElo "2265"]
[BlackElo "2165"]

1.d4 d5 2.c4 dxc4 3.Nf3 Nf6 4.e3 e6 5.Bxc4 c5 6.O-O a6 7.a4 Nc6 8.Qe2 cxd4
9.Rd1 d3 10.Bxd3 Qc7 11.Nc3 Be7 12.e4 Ng4 13.g3 Bc5 14.Rf1 O-O 15.Bf4 e5
16.Nd5 Qd6 17.Bd2 Nf6 18.b4 Bd4 19.Nxf6+ Qxf6 20.Nxd4 Nxd4 21.Qe3 Bh3 22.Rfd1 Qf3
23.Bf1 Bxf1 24.Qxf3 Nxf3+ 25.Kxf1 Nxh2+ 26.Ke2 Ng4 27.f3 Nf6 28.Bg5 Nh5 29.g4 h6
30.Bxh6 Ng3+ 31.Kf2 Nxe4+ 32.fxe4 gxh6 33.Rd7 Rac8 34.Rxb7  1/2-1/2

[Event "Korinthos op"]
[Site "Korinthos"]
[Date "1998.??.??"]
[Round "6"]
[White "Gershon, Alik"]
[Black "Papatheodorou, Theodoros"]
[Result "0-1"]
[WhiteElo "2425"]
[BlackElo "2225"]

1.d4 d5 2.c4 dxc4 3.Nf3 Nf6 4.e3 e6 5.Bxc4 c5 6.O-O a6 7.a4 Nc6 8.Nc3 cxd4
9.exd4 Be7 10.Re1 O-O 11.Bb3 Nb4 12.Ne5 Bd7 13.Bg5 Rc8 14.Qe2 Be8 15.Rad1 Nfd5
16.Nxd5 Nxd5 17.Bxd5 Bxg5 18.Bxb7 Bxa4 19.Bxc8 Bxd1 20.Qxa6 Qxd4 21.Bxe6 Qd2
22.Kf1 Bc2 23.Bc4 Bf6 24.Qb5 h6 25.Qc5 Bxe5 26.Qxe5 Qb4 27.Qd4 Kh8 28.Rc1 Bb3
29.Rc3 Re8 30.g3 Bxc4+ 31.Rxc4 Qb7 32.f4 Qf3+ 33.Qf2 Qh1+ 34.Qg1 Re1+ 35.Kxe1 Qxg1+
36.Kd2 Qxh2+ 37.Kc3 Qxg3+ 38.Kb4 Qe1+ 39.Ka4 Qe8+  0-1

[Event "Korinthos op"]
[Site "Korinthos"]
[Date "1998.??.??"]
[Round "8"]
[White "Bagaturov, Giorgi"]
[Black "Papatheodorou, Theodoros"]
[Result "1/2-1/2"]
[WhiteElo "2535"]
[BlackElo "2225"]

1.d4 d5 2.c4 dxc4 3.e3 Nf6 4.Bxc4 e6 5.Nf3 c5 6.O-O a6 7.Qe2 b5 8.Bd3 Bb7
9.dxc5 Bxc5 10.Bxb5+ axb5 11.Qxb5+ Bc6 12.Qxc5 Bxf3 13.gxf3 Ra5 14.Qd4 Nbd7
15.e4 O-O 16.Rd1 Qa8 17.Nc3 Rh5 18.Kg2 Ne5 19.Bf4 Ng6 20.Bg3 e5 21.Qc4 Qb7
22.Rd2 Nh4+ 23.Bxh4 Rxh4 24.Qc5 Nh5 25.Nd5 g6 26.Qe7 Nf4+ 27.Kh1 Qxe7 28.Nxe7+ Kg7
29.Nc6 Re8 30.b4 Re6 31.b5 g5 32.Rg1 Reh6 33.Rxg5+ Kf6 34.Rg2 Nxg2 35.Kxg2 Rxh2+
36.Kf1 Rh1+ 37.Ke2 Rb1 38.a4 Rhh1 39.Ra2 h5 40.f4 exf4 41.a5 Rxb5 42.a6 Rb3
43.a7 Re3+ 44.Kd2 Rf1 45.a8=Q Rxf2+ 46.Kd1 Rf1+  1/2-1/2

[Event "RUS-Cup"]
[Site "Krasnodar"]
[Date "1998.??.??"]
[Round "9"]
[White "Tregubov, Pavel V"]
[Black "Stambulin, A."]
[Result "1-0"]
[WhiteElo "2560"]
[BlackElo "2300"]

1.d4 d5 2.c4 dxc4 3.e3 Nf6 4.Bxc4 e6 5.Nf3 c5 6.O-O a6 7.Bb3 Nc6 8.Nc3 Be7
9.dxc5 Qxd1 10.Rxd1 Bxc5 11.Bd2 O-O 12.Rac1 Ba7 13.Be1 Rd8 14.Ne5 Bd7 15.Nxd7 Nxd7
16.Ne4 Nde5 17.Nd6 Rd7 18.Bc3 Kf8 19.Kf1 Ke7 20.Nc4 Rxd1+ 21.Rxd1 Nxc4 22.Bxc4 f6
23.Ke2 Bc5 24.a3 Bd6 25.f4 Rc8 26.Bd3 h6 27.h4 Nb8 28.Rc1 Kf7 29.g4 Nd7 30.h5 Rc7
31.Bg6+ Ke7 32.Bb1 Nb6 33.Be4 Nc4 34.g5 e5 35.gxh6 gxh6 36.f5 Bc5 37.Rg1 Nd6
38.Bb1 Kf7 39.Ba2+ Kf8 40.Rg8+ Ke7 41.Be6 Ne4 42.Be1 Ng5 43.Bb3 Rc6 44.Rg7+ Kd6
45.Rg6 Ke7 46.Bd5 Rd6 47.Bxb7 Rb6 48.b4 Rxb7 49.bxc5 Rb5 50.a4 Rb1 51.Rxh6 e4
52.Bc3  1-0

[Event "SLO-ch"]
[Site "Maribor"]
[Date "1998.??.??"]
[Round "3"]
[White "Tratar, Marko"]
[Black "Barle, Janez"]
[Result "1-0"]
[WhiteElo "2420"]
[BlackElo "2415"]

1.Nf3 d5 2.d4 Nf6 3.c4 dxc4 4.e3 e6 5.Bxc4 c5 6.O-O cxd4 7.exd4 Nc6 8.Nc3 Be7
9.Re1 O-O 10.a3 a6 11.Qd3 b5 12.Bb3 Bb7 13.Bc2 b4 14.Ne4 g6 15.Bh6 Re8 16.Nc5 Bxc5
17.dxc5 Qxd3 18.Bxd3 Red8 19.Red1 Rd5 20.Rac1 bxa3 21.bxa3 Rad8 22.Be2 Rxd1+
23.Bxd1 Ne4 24.Ba4 f6 25.h4 Kf7 26.Be3 Rc8 27.Rb1 Nd8 28.Rc1 Ke7 29.Ne1 Bc6
30.Bb3 Rb8 31.Bc4 a5 32.Nd3 e5 33.Kh2 f5 34.Nxe5 Be8 35.f3 Nf6 36.Nd3 Nc6
37.Bf4 Rb7 38.Bd6+ Kd8 39.Nf4 Bf7 40.Ne6+ Bxe6 41.Bxe6 Rb2 42.Rd1 Ke8 43.Bc4 a4
44.Bf4 Rc2 45.Rc1 Rxc1 46.Bxc1 Nd7 47.Bb5 Nd4 48.Bxa4 Ke7 49.Bg5+ Ke6 50.c6 Nb6
51.c7 Ne2 52.Bb3+ Kd6 53.Bg8  1-0

[Event "Miskolc Avas op"]
[Site "Miskolc"]
[Date "1998.??.??"]
[Round "6"]
[White "Toth, Jozsef"]
[Black "Meszaros, Andras"]
[Result "0-1"]
[WhiteElo "2305"]
[BlackElo "2090"]

1.d4 Nf6 2.Nf3 d5 3.c4 dxc4 4.e3 e6 5.Bxc4 c5 6.O-O a6 7.a4 Nc6 8.Nc3 Qc7
9.Qe2 Bd6 10.h3 O-O 11.Rd1 e5 12.dxc5 Bxc5 13.Nd5 Nxd5 14.Bxd5 Nb4 15.Bc4 e4
16.Nd4 Qe5 17.f4 exf3 18.Nxf3 Qe7 19.Kh1 Bf5 20.Nd4 Be4 21.Bd2 Nc6 22.Bc3 Ne5
23.Bb3 Qg5 24.Bc2 Qh4 25.Bxe4 Qxe4 26.Rf1 Rfe8 27.Rf4 Qd3 28.Qf2 Rad8 29.Rf1 f6
30.h4 Qg6 31.Qe2 Nd3 32.Rg4 Rxe3 33.Rxg6 Rxe2 34.Rxg7+ Kxg7 35.Nxe2 Nf2+
36.Kh2 Ng4+ 37.Kg3 h5 38.Nf4 Kh6 39.Ne6 Rd3+ 40.Kf4 Bf2 41.Ke4 Re3+ 42.Kf5 Rxc3
43.Rxf2 Re3  0-1

[Event "Moscow-ch op"]
[Site "Moscow"]
[Date "1998.??.??"]
[Round "1"]
[White "Katelin, Mikhail"]
[Black "Donchenko, Anatoly G"]
[Result "0-1"]
[WhiteElo "2200"]
[BlackElo "2385"]

1.d4 d5 2.Nf3 Nf6 3.c4 dxc4 4.e3 e6 5.Bxc4 c5 6.O-O a6 7.a4 Nc6 8.Nc3 Qc7
9.Qe2 Bd6 10.h3 O-O 11.dxc5 Bxc5 12.e4 Nd7 13.Be3 b6 14.Rac1 Bb7 15.Rfd1 Rfd8
16.Bg5 Re8 17.Ba2 h6 18.Qd2 Nde5 19.Nxe5 Nxe5 20.Be3 Red8 21.Qe2 Rac8 22.Bxc5 Qxc5
23.Rxd8+ Rxd8 24.Rd1 Rd4 25.Rxd4 Qxd4 26.Kf1 g5 27.g3 Kg7 28.Bb1 Nc4 29.Ke1 Bc6
30.Ba2 Ne5 31.Bb1 a5 32.Qd1 Qb4 33.Qc2 Nc4 34.e5 Qxb2 35.Qh7+ Kf8 36.Qxh6+ Ke8
37.Qh8+ Kd7  0-1

[Event "Moscow-ch op"]
[Site "Moscow"]
[Date "1998.??.??"]
[Round "3"]
[White "Lundin, Alexandr"]
[Black "Zakharov, Alexander S"]
[Result "0-1"]
[WhiteElo "2250"]
[BlackElo "2360"]

1.d4 d5 2.c4 dxc4 3.Nf3 Nf6 4.e3 e6 5.Bxc4 c5 6.O-O a6 7.Qe2 b5 8.Bb3 Bb7
9.a4 b4 10.Rd1 Nbd7 11.Nbd2 Qc7 12.Nc4 Be7 13.Bd2 Bd5 14.Rac1 a5 15.Be1 Qb7
16.Ncd2 Bc6 17.Bc2 cxd4 18.exd4 O-O 19.b3 Nb6 20.Nf1 Bxf3 21.Qxf3 Qxf3 22.gxf3 Rfd8
23.Ng3 Nfd5 24.Ne4 Rac8 25.Bd2 f5 26.Nc5 Bxc5 27.dxc5 Nd7 28.Bg5 Rf8 29.Be7 Rf7
30.Bd6 Nxc5 31.Bxf5 Rxf5 32.Rxc5 Rxc5 33.Bxc5 Rxf3 34.Rb1 g5 35.Kg2 g4 36.Bd6 Nf4+
37.Bxf4 Rxf4 38.Rc1 h5 39.Rc7 h4 40.h3 gxh3+ 41.Kxh3 Rxf2 42.Kxh4 Rf5 43.Ra7 Kf8
44.Kg4 Ke8 45.Kg3 Kd8 46.Kg4 Kc8 47.Re7 Rf2 48.Rxe6 Kb7 49.Re5 Kb6 50.Rb5+ Ka6
51.Rf5 Rg2+ 52.Kh3 Rc2 53.Rf3 Rc3 54.Kg2 Kb6 55.Kf2 Kc5 56.Rf5+ Kd4 57.Rxa5 Rxb3
58.Ke2 Rh3 59.Rb5 Rh2+ 60.Kd1 Kc3 61.Rc5+ Kb2  0-1

[Event "Moscow Kasparov Cup"]
[Site "Moscow"]
[Date "1998.??.??"]
[Round "4"]
[White "Gaprindashvili, Valerian"]
[Black "Afonin, Alexey"]
[Result "1-0"]
[WhiteElo "2270"]
[BlackElo "2190"]

1.d4 d5 2.c4 dxc4 3.Nf3 Nf6 4.e3 e6 5.Bxc4 c5 6.Qe2 a6 7.dxc5 Bxc5 8.O-O O-O
9.e4 b5 10.Bd3 Nc6 11.e5 Nb4 12.Bc2 Nfd5 13.Bxh7+ Kxh7 14.Ng5+ Kg6 15.a3 Ne3
16.axb4 Qxg5 17.Bxe3 Bxe3 18.Qd3+ Kh6 19.Qxe3 Qxe3 20.fxe3 Bb7 21.Nc3 Kg6
22.Rad1 Rfd8 23.Kf2 Rac8 24.g4 f6 25.exf6 gxf6 26.Kg3 e5 27.h4 Rxd1 28.h5+ Kg7
29.Rxd1 Rc7 30.g5 fxg5 31.Kg4 Rf7 32.Kxg5 Bc8 33.Rd8 Rf5+ 34.Kh4 Be6 35.Rd6 Bf7
36.h6+ Kh7 37.Rxa6 Rf2 38.Kg5 Rxb2 39.Ra7 Rg2+ 40.Kh4 Kg6 41.Ra6+ Kh7 42.Ne4 Bg6
43.Nf6+ Kxh6 44.Ng4+ Kg7 45.Ra7+ Kf8 46.Nxe5 Be8 47.Ng4 Rb2 48.Kg5 Rxb4 49.Rh7 Bg6
50.Rb7 Bb1 51.Kf6 Rc4 52.Rf7+ Ke8 53.Ne5 Rc1 54.Re7+ Kd8 55.Nf7+ Kc8 56.Nd6+ Kd8
57.Rb7 Bd3 58.Ke6 Bc4+ 59.Ke5 Rh1 60.e4 Rg1 61.Kd4 Rc1 62.e5 Rc2 63.Kc5 Ba2+
64.Kb4 Bc4 65.Ne4 Rc1 66.Nf6 Rd1  1-0